| 000 | 00494nam a22001937a 4500 | ||
|---|---|---|---|
| 003 | OSt | ||
| 005 | 20140310184516.0 | ||
| 008 | 131016t xxu||||| |||| 00| 0 eng d | ||
| 020 | _a9780590432665 | ||
| 050 |
_aPZ 7 _b.B69157Ci 1984 |
||
| 100 |
_a Boyd, Candy Dawson _929451 |
||
| 245 |
_aCircle of gold / _cCandy Dawson Boyd. |
||
| 260 |
_aNew York : _bScholastic, _c1984. |
||
| 300 |
_a124 p. : _c20 cm. |
||
| 521 | _aG4 | ||
| 526 | _c610 | ||
| 942 |
_2lcc _cBK-SCHOLAS |
||
| 999 |
_c34951 _d34951 |
||